| 000 | 01244nmm a2200337 a 4500 | ||
|---|---|---|---|
| 001 | ocm0001916968 | ||
| 003 | TR-IsHL | ||
| 005 | 20201028172935.0 | ||
| 008 | 180716s2018 tu tur | ||
| 007 | cr cn | ||
| 020 | _a9786052810019 | ||
| 035 |
_a1916968 _b(N$T) |
||
| 050 | 0 | 4 |
_aJV6225 _b.T39 2018 |
| 090 | 0 | 4 |
_aJV6225 _b.T39 2018 |
| 100 | 1 | _aTayanç, Mehmet | |
| 245 | 1 | 0 |
_aGöçebelerin kente tutunma biçimleri : _b-Siirt Conkbayır mahallesi örneği- _h[electronic resource] / _cMehmet Tayanç |
| 250 | _aBirinci basım | ||
| 260 |
_aİstanbul : _bHiperlink Yayınları, _c2018 |
||
| 300 | _a181 p. | ||
| 500 |
_aKaynakça var. _x |
||
| 650 | 4 | _aSosyoloji | |
| 650 | 4 | _aSociology | |
| 650 | 0 |
_aGöç ve göçmenlik _x Sosyal yönleri |
|
| 650 | 0 |
_aEmigration and immigration _x Social aspects |
|
| 650 | 0 |
_aGöç ve göçmenlik _x Sosyal yönleri _x Örnek çalışmalar |
|
| 650 | 0 |
_aEmigration and immigration _x Social aspects _x Case studies |
|
| 650 | 0 |
_aGöçmenler _x Sosyal şartlar |
|
| 650 | 0 |
_aImmigrants _x Social conditions |
|
| 650 | 7 |
_aSOCIAL SCIENCE / Emigration & Immigration _2bisacsh |
|
| 856 | 4 | 0 | _uhttp://search.ebscohost.com/login.aspx?direct=true&scope=site&db=e011xww&AN=1916968 |
| 999 |
_c17453 _d17453 |
||